[Event "WchT 11th"]
[Site "Khanty-Mansiysk"]
[Date "2017.06.26"]
[Round "9.4"]
[White "Li, Chao B"]
[Black "Bartel, Mateusz"]
[Result "1-0"]
[WhiteElo "2720"]
[BlackElo "2637"]
[Annotator "Mekhitarian,K"]
[PlyCount "75"]
[EventDate "2017.06.17"]
[EventType "team-tourn"]
[EventRounds "9"]
[EventCountry "RUS"]
[SourceTitle "CBM 179"]
[Source "ChessBase"]
[SourceDate "2017.07.12"]
[SourceVersion "1"]
[SourceVersionDate "2017.07.12"]
[SourceQuality "1"]
[WhiteTeam "China"]
[BlackTeam "Poland"]
[WhiteTeamCountry "CHN"]
[BlackTeamCountry "POL"]

{And we got to the last round! China plays Poland in a decisive match. We will
analyse this very nice game played in the 4th board.} 1. d4 d5 2. c4 c6 3. Nf3
Nf6 4. Nc3 dxc4 5. a4 e6 {Black wants to play a Queen's Gambit Accepted
position, with an additional a4 for White (which is a free move, but also a
weakening one). I found two notable examples of this variation in the past,
and by past I mean almost a hundred years ago!} 6. e3 (6. e4 $5 {A more
energetic way to fight this variation.} Bb4 7. e5 Nd5 8. Bd2 b5 {is the move
nowadays} (8... Bxc3 $6 9. bxc3 b5 10. Ng5 $1 {Now there is no reason to take
on b5} f6 $6 11. exf6 Nxf6 12. Be2 $16 {with a nice positional advantage, the
great Alekhine went on to win this game, in the 1929 World-Ch match against
Bogoljubow} a6 13. Bf3 h6 14. Bh5+ Nxh5 15. Qxh5+ Kd7 16. Nf7 Qe8 17. Qg6 Rg8
18. Bf4 Bb7 19. Bg3 Ke7 20. Bd6+ Kd7 21. O-O c5 22. dxc5 Bd5 23. axb5 axb5 24.
Rxa8 Bxa8 25. Ra1 Nc6 26. Ne5+ {1-0 (26) Alekhine,A-Bogoljubow,E GER/NLD 1929})
9. axb5 Bxc3 {Black only takes here when it is necessary} 10. bxc3 cxb5 11. Ng5
{a recent example from 2017:} Bb7 12. Qh5 Qe7 13. Be2 Nd7 14. O-O a5 15. Rfb1
Bc6 $13 {with a complex position: 1/2-1/2 (24) Wang,H (2683)-Fressinet,L (2662)
Sharjah 2017}) 6... c5 7. Bxc4 Nc6 8. O-O cxd4 9. Nxd4 $5 {this has become a
fashionable move lately. White wants to isolate the pawn only after the knight
exchange. We will see why this makes sense} (9. exd4 {is the common move, with
many examples from top games - the most recent from the USA-Ch} Be7 10. Qe2 (
10. d5 {doesn't do much} exd5 11. Nxd5 Nxd5 12. Bxd5 O-O 13. Be3 $11 {and
Black is perfectly fine}) 10... O-O 11. Rd1 Nb4 {the current fashion} (11...
Nd5 {Alatortsev, a very important name from Soviet chess in the 1930s, played
5...e6!? exactly as they play today, with a quick c5, followed by Nc6. It is
amazing to see that exactly 75 years ago, some players already knew plans and
ideas that remain consistent with today's modern play.} 12. Be3 b6 $13 {
1/2-1/2 (68) Sokolsky,A-Alatortsev,V Kuibyshev 1942}) 12. a5 Bd7 13. Ne5 Be8
14. Bg5 Nfd5 15. Bd2 $13 {with a typical isolated pawn setup: 1/2-1/2 (51)
Nakamura,H (2793) -Shankland,S (2666) Saint Louis 2017}) 9... Bd7 (9... Nxd4 $6
{Now this is not precise. White achieves d5! and there is a big difference
with the knights exchanged} 10. exd4 Be7 11. d5 exd5 12. Nxd5 Nxd5 13. Bxd5 {
comparing with 9. exd4 and 10.d5, the bishop on d5 is much stronger (b7 is a
real problem now)} O-O 14. Be3 Bg5 15. Qb3 $16 {1-0 (53) Banikas,H (2618)
-Postny,E (2648) Kavala 2015}) 10. e4 (10. Nf3 {seen in last year's Candidates
tournament} a6 11. e4 Qc7 12. h3 Bd6 13. Qe2 O-O 14. Bd3 Ne5 15. Nxe5 Bxe5 16.
f4 Bd4+ 17. Be3 Bxe3+ 18. Qxe3 e5 19. Rac1 exf4 20. Qxf4 Qxf4 21. Rxf4 Be6 $11
{and Black equalized without problems: 1/2-1/2 (30) Karjakin,S (2760)-Svidler,
P (2757) Moscow 2016}) 10... Nxd4 (10... Qb8 {This whole variation clearly has
been in the Chinese labs for some time - we can find many examples from them,
like this one from the Chinese league:} 11. Re1 (11. Be3 $1 {preparing f4,
thus avoiding the annoying Bd6}) 11... Bd6 $1 12. Nxc6 Bxc6 13. Nd5 Nd7 $1 14.
Bg5 $13 {Ding Liren got over-ambitious, and soon found himself in a lost
position, though he escaped with a draw: 1/2-1/2 (28) Ding,L (2777)-Yu,R (2516)
China 2016}) 11. Qxd4 Bc6 12. Qe3 $1 {White wants to keep the queens because
of the better development, and attacking prospects on the king-side} Be7 (12...
Qb6 {another Chinese player as Black} 13. Qe2 (13. Qg3 $5 $36 {keeping an eye
on g7}) 13... Be7 14. Bg5 Qc5 15. Be3 Qa5 16. Bb5 O-O 17. Bxc6 bxc6 18. h3 Rab8
$11 {with a fine position, the b2 weakness compensates the c6 one. ½-½ (83)
Gupta,A (2607)-Xu, X (2503) Dubai 2017}) 13. e5 Nd7 (13... Nd5 $6 14. Bxd5 Bxd5
15. Qg3 $16) 14. Qg3 g6 15. Re1 $1 {I like Li Chao's move} (15. Rd1 {played in
the same match and round! That probably shows the strong team work made by
China, where the players study together. I remember a match from many years
ago in the Olympiad, between China and Georgia, where boards 1 and 3 where
playing the same position, as well as boards 2 and 4! :-)} a6 16. Bh6 Qa5 17.
Bf1 Bf8 18. Bxf8 Kxf8 19. f4 Qb6+ 20. Qf2 Qxf2+ 21. Kxf2 {Unlike Li Chao, Yu
wasn't able to achieve an advantage, and soon a draw was agreed. ½-½ (30) Yu,
Y (2749)-Duda, J (2697) Khanty-Mansiysk 2017}) (15. Bh6 {similar to Yu's game,
Black would probably go for a6, followed by Bf8 at some point}) 15... O-O 16.
Bh6 Re8 17. Rad1 {with natural moves, White achieves a very active position,
with prospects on the king-side. Naturally, he has to control some counterplay
in the center, because the position is very open, and the e5-pawn for example
may become a weakness. This looks like the Alapín variation from the Sicilian
defense.} Qc7 18. h4 $1 Rad8 19. Rc1 $5 {avoiding exchanges and especially
trying to stop Nc5} Qb6 (19... Nc5 $2 20. b4 $1 Nxa4 21. b5 Nxc3 22. Rxc3 $18)
20. h5 Nf8 $2 (20... Nc5 $1 $132 {looked much more appealing than Nf8. It's
understandable the desire to control the g6-square with another piece, but
there must be central counterplay, otherwise White just cruises, as happened
in the game. And here it is not easy to bring the forces over to the king-side
with this annoying knight on c5}) 21. b3 a6 22. Ne2 (22. Ne4 $5 {was another
way to play the position, looking for a positional advantage on the queen-side}
Bxe4 23. Rxe4 $16 {But Li Chao wanted Bartel's king, and he went for it!})
22... Bd5 $2 {it is hard to give good advice for Black here, but this ends the
resistance. If Black does nothing, White will continue to pile in forces on
the king-side, but it was still better to try something in the center, maybe
22...Rd7} (22... Rd7 $5 {a very difficult move when your opponent is going all
in against your king} 23. Nf4 Rd4 {somehow the computer doesn't show a
clear-cut way to win sacrificing on g6, but from the human point of view,
allowing Nf4 looks suicidal.} 24. hxg6 hxg6 25. Bxf8 Kxf8 26. Nxg6+ fxg6 27.
Qxg6 Bh4 $1 28. g3 Qc7 29. gxh4 Qg7 30. Qxg7+ Kxg7 $14 {and after taking on h4,
Black has good chances to hold}) 23. Bxd5 Rxd5 (23... exd5 {there is no time
to estabilish a knight on e6} 24. Nf4 $1 $16 {and Black is in big trouble}) 24.
Nc3 $1 Rd7 25. Ne4 $18 {now the simple threat of Qf4 and/or Bg5, and later
invading the f6-square, decides. Black is lost} Qd8 26. Qf3 {the computers
already point out more than 4 points advantage for White! (in a 40-ply depth
analysis). Apparently, the plan is to go for Re3-Qf4-Rf3} Rd3 27. Re3 Rd4 (
27... Rxe3 28. fxe3 $18 {Rf1 is simply destroying}) 28. Qf4 g5 {forced, now
everything falls apart} 29. Qg3 Rd1+ 30. Re1 Rd3 31. f3 f6 32. exf6 Bxf6 33.
Bxg5 Bxg5 34. Nxg5 Qd4+ 35. Kh2 Qg7 36. Rc7 Rd7 37. Rxd7 Nxd7 38. Rxe6 {
A very important victory, securing the World Team Championship title for
China!! Let's all remember they also won the 2014 Olympiad. The question
remains - who will stop them?} 1-0

[Event "Tbilisi FIDE GP"]
[Site "Tbilisi"]
[Date "2015.02.17"]
[Round "3"]
[White "Jobava, Baadur"]
[Black "Jakovenko, Dmitrij"]
[Result "0-1"]
[WhiteElo "2696"]
[BlackElo "2733"]
[Annotator "Mikhalchishin,A"]
[PlyCount "44"]
[EventDate "2015.02.15"]
[EventType "tourn"]
[EventRounds "11"]
[EventCountry "GEO"]
[EventCategory "20"]
[SourceTitle "CBM 165"]
[Source "ChessBase"]
[SourceDate "2015.03.11"]
[SourceVersion "1"]
[SourceVersionDate "2015.03.11"]
[SourceQuality "1"]

1. d4 d5 2. c4 c6 3. Nc3 Nf6 4. Nf3 dxc4 5. a4 e6 6. e3 c5 {This transposition
from the Slav to the QGA was a favourite weapon of Kramnik and Svidler.} 7.
Bxc4 cxd4 8. exd4 Be7 9. O-O Nc6 10. Re1 ({A more aggressive set up seems to be
} 10. Qe2 O-O 11. Rd1 Nd5 12. Bb3 Ncb4 13. Ne5 Bd7 14. Qg4 Nf6 15. Qg3 Be8 16.
h4 Kh8 17. Bg5 Bc6 18. Rac1 Nh5 19. Qe3 f6 20. Nxc6 bxc6 21. Bf4 Nxf4 22. Qxf4
{Ivanchuk,V (2764)-Delchev,A (2622)/Belfort 2012/ White keeps better play
because of the weak pawn on e6.}) 10... O-O 11. h4 $2 {Absolute novelty!
Typical all or nothing approach by Jobava.} ({More logical ways are} 11. Bg5
Bd7 12. Qe2 (12. Qd2 {This is probably White's optimal setup: Bg5, Qd2 and
rooks on e1 and d1.} Nb4 (12... Rc8 13. Rad1 Nb4 14. Ne5 Nbd5 (14... Bc6 15.
Nxf7 $5 Rxf7 16. Bxe6 $36) 15. Bxf6 Nxf6 16. d5 $14 {1-0 Shirov,A (2740)
-Svidler,P (2746)/Foros 2008 (43)}) 13. Ne5 Bc6 14. Nxf7 $5 $146 (14. Nxc6 bxc6
15. Rad1 a5 {1/2-1/2 Kozak,L (2319)-Itkis,B (2453)/Illichevsk 2006}) 14... Rxf7
(14... Kxf7 $2 15. Rxe6 Kg6 (15... Ke8 16. Rae1 Rf7 17. R6e5 $18) (15... Nbd5
16. Re5 Bb4 17. Qc2 Bxc3 18. bxc3 Kg8 19. Qa2 $18) 16. Qe3 {[%csl Re7][%cal
Ge3g3]} Bd6 17. Bh4 {[%cal Ge3g5]} h6 18. d5 Be8 19. Qe4+ Kf7 20. Bxf6 gxf6 21.
Qh7#) 15. Bxe6 (15. Rxe6 $2 Nfd5 $19) 15... Nbd5 16. Re5 Nc7 ({Now in the
event of} 16... Kf8 {White can keep the initiative with} 17. Bxf7 (17. Rae1 $5)
17... Kxf7 18. Nxd5 Bxd5 (18... Nxd5 $2 19. Rxe7+ Nxe7 20. Re1 $18) 19. Rae1
Bf8 20. Qf4 Kg8 21. Rf5 $14) 17. Bxf7+ Kxf7 18. d5 {A typical positional pawn
sacrifice in order to open the d-file for the rook.} (18. Rae1 $5 Bd6 19. Rf5
$13) 18... Ncxd5 19. Nxd5 Nxd5 20. Rd1 Nf6 21. Qc2 {Sargissian,G (2642)-Najer,
E (2682)/Kallithea 2008 White has good compensation, but the fate of the game
is still unclear.}) 12... Nb4 13. Ne5 Rc8 14. h4 Be8 15. Rad1 Nbd5 16. Rd3 Bc6
17. Rg3 Kh8 18. Bd3 Be8 19. Bb1 Qa5 20. Qd3 g6 21. Rf3 Ng8 22. Bxe7 Ndxe7 23.
h5 {Jakovenko,D (2718)-Danin,A (2543)/Olginka 2011 with an attack.}) (11. Bb3
Nb4 12. Ne5 Bd7 13. Re3 Bc6 14. Rg3 Re8 15. h4 Qd6 16. Bf4 Bd5 17. Ng6 Qd8 18.
Nxe7+ Rxe7 19. Bg5 {Jankovic,A (2564)-Kryvoruchko,Y (2640)/Cappelle la Grande
2011/ with a very unpleasant pin.}) 11... Bd7 12. h5 $6 ({White has in such
situations an easy way to draw, but this is never Jobava's choice.} 12. d5 exd5
13. Nxd5 Nxd5 14. Qxd5 Be6 15. Qe4 Bxc4 16. Qxc4 Qc8 (16... Rc8 17. Be3 Bf6 18.
Qb5)) 12... h6 13. Ne5 ({Now this break led to a slightly better endgame for
Black:} 13. d5 Nxd5 14. Nxd5 exd5 15. Qxd5 Be6 16. Qxd8 Raxd8 17. Bxe6 fxe6 18.
Rxe6 Rf5) 13... Be8 ({Jakovenko wants to keep his bishop, but a very promising
way was} 13... Rc8 14. Bb3 Bb4) 14. Be3 Qa5 ({Another good choice was} 14...
Qc7) 15. Qf3 ({If White developed his queen to the other flank, then Black
would make the transition into a slightly better endgame:} 15. Qb3 Qb4 16. Qxb4
Nxb4 17. Rad1 Rd8) 15... Rd8 16. Qg3 $2 ({Some weakness of the kingside would
be the result of the forced line} 16. Bb5 a6 (16... Nxd4 17. Qxb7) 17. Bxc6
Bxc6 18. Nxc6 bxc6 19. Qxc6 Qxh5 {but it was better than in the game.}) 16...
Nxd4 17. Bd3 (17. Bxh6 {loses immediately:} Nf5) 17... Nc6 ({Black could win a
second pawn by} 17... Nxh5 18. Qh2 Nc6 19. Nxc6 Bxc6 20. Bb5 Nf6) 18. Bxh6 Nxh5
19. Qh2 Rxd3 $1 {The decisive move - now Jobava is completely lost.} 20. Qxh5 (
{Or} 20. Bxg7 Nxg7 21. Nxd3 Qh5) 20... Bf6 (20... Rd4 {was very strong.}) 21.
f4 Nxe5 22. fxe5 gxh6 {Terrible play by White!} 0-1

[Event "Dieren op"]
[Site "Dieren"]
[Date "1999.07.23"]
[Round "4"]
[White "Mikhalevski, Victor"]
[Black "Rabinovich, Arkady"]
[Result "1-0"]
[WhiteElo "2516"]
[BlackElo "2413"]
[Annotator "Mikhalevski,V"]
[PlyCount "45"]
[EventDate "1999.07.20"]
[EventType "swiss"]
[EventRounds "9"]
[EventCountry "NED"]
[SourceTitle "CBM 071 Extra"]
[Source "ChessBase"]
[SourceDate "1999.09.14"]
[SourceVersion "1"]
[SourceVersionDate "1999.09.14"]
[SourceQuality "1"]

1. d4 d5 2. c4 c6 3. Nf3 Nf6 4. Nc3 dxc4 5. a4 Na6 $5 {Not very popular,but
interesting continuation.} 6. e4 Bg4 7. Bxc4 Bxf3 8. gxf3 e6 9. Be3 Nb4 10. O-O
$5 (10. f4 {can be found in Informant 70/350}) 10... Be7 11. Kh1 O-O 12. Rg1 {
Lautier's recommendation.} Kh8 $146 ({In the only previous game immediate} 
12... c5 $5 {was played.} 13. dxc5 Qc8 14. Nb5 Rd8 15. Qb3 Bxc5 16. Rac1 Bxe3
17. Qxe3 Qd7 18. Rxg7+ Kxg7 19. Qg5+ Kf8 20. Qxf6 Rac8 21. Qh6+ Ke7 22. Qh4+
Ke8 23. e5 Qe7 24. Qf4 Nd3 25. Bxd3 Rxc1+ 26. Qxc1 Rxd3 27. Nd6+ Rxd6 28. exd6
{Christiansen,L-Teske,H/Germany 1997/GER-chT/1/2-1/2 (41)}) 13. f4 {[%cal
Gd1f3,Ga1d1]} c5 $1 {Just in time. Black is preventing White's regrouping.} 14.
dxc5 Qc8 (14... Qc7 $5) (14... Rc8 {[%csl Rc5] is also interesting.} 15. e5
Nfd5 (15... Nd7 $6 16. Qg4 g6 17. Rad1 $16 {[%cal Gd1d8]}) 16. Bxd5 (16. Qg4 $5
{[%cal Gc3e4]}) 16... exd5 (16... Nxd5 17. Nxd5 Qxd5+ 18. Qxd5 exd5 19. b4 $16
{[%cal Ga4a5] /\a5}) 17. Qb3 (17. f5 $5 Bxc5 $140 $4 18. Bxc5 Rxc5 19. Qg4 {
[%cal Rg4g7,Rg4b4]} Rg8 20. Qxb4 $18) 17... d4 18. Rad1 Nc6 19. Ne4 $14 (19.
Qc4 $5 Qe8 $1 20. Bxd4 Nxd4 21. Qxd4 Bxc5 22. Qe4 Bxf2 23. Rg2 Bb6 24. Qxb7 $14
)) (14... Qxd1 $6 15. Raxd1 Rac8 (15... Nc2 16. e5 Ne8 17. Ne4 (17. b4 $5)
17... Rc8 {-15...Rac8}) 16. e5 Ne8 17. Ne4 Nc2 18. Bd2 $16 (18. Rc1 $5 $16)
18... Bxc5 $140 $2 19. Bd3 $1 {[%csl Rc2]} Be7 20. Rc1 {[%csl Rc2][%cal Gc1c8]}
) 15. e5 Nd7 $6 {Inaccuracy.} (15... Qc6+ 16. Rg2 Rad8 17. Qe2 Nfd5 18. Bb5 Qc7
19. Ne4 $14) ({Better was} 15... Nfd5 $5 16. Nxd5 exd5 (16... Nxd5 $2 17. Bxd5
Rd8 $140 (17... exd5 18. Qxd5) 18. Qg4 $18 {[%csl Rg7]}) 17. Bb3 (17. Qb3)
17... Bxc5 18. Rc1 b6 19. Qf3 $14) 16. Ne4 b6 {[%cal Gc8b7]} (16... Nxc5 17.
Nd6 $1 (17. Qg4 g6 (17... Rg8 $2 18. Bxc5 Bxc5 19. Ng5 $18) 18. Bxc5 Bxc5 19.
Nf6 Be7 $1) 17... Qc6+ 18. Rg2 Bxd6 19. exd6 $36 {/\Qd4}) (16... Qc6 $5 {
deserved serious attention.} 17. Qf3 $1 Nxc5 18. Bxc5 Bxc5 19. Bb5 Qb6 20. Qg2
$14) 17. Qh5 $1 {[%mdl 128] In order to meet Qb7 with f3 while queen occupy
good attacking position.} Qb7 (17... Nxc5 18. Bxc5 bxc5 (18... Bxc5 $4 19. Rxg7
$1 Kxg7 20. Qg5+ Kh8 21. Qf6+ Kg8 22. Rg1#) 19. Rg3 $1 $40 {[%cal Ga1g1,Gg3h3]}
) (17... g6 18. Qh6 Qb7 19. f3 {see 17...Qb718.f3 g6}) 18. f3 Nc2 $2 {[%mdl
8192] Decisive tactical blunder.After it Black loses at once.} (18... g6 $8 {
was the only chance to survive:} 19. Qh6 Nc2 20. Rg3 $1 {[%cal Gg3h3]} (20.
Rad1 $5 Nxe3 21. c6 $1 Qxc6 22. Bb5 Qc2 $1 (22... Qxb5 $2 23. axb5 Nxd1 24.
Rxd1 Rad8 (24... Rfd8 25. Ng5 $1 Bxg5 26. Qxg5 $18) 25. Rxd7 $1 Rxd7 26. Nf6
$18) (22... Qc8 $5 23. Rxd7 Nf5 24. Qh3 {[%cal Gd7e7] /\R:e7} Rg8 $1 (24... Qc2
$2 25. Bd3 $1 Qxb2 26. Rxe7 $1 $18) 25. Nd6 (25. Ng3 Rd8 $1) (25. Rxe7 Nxe7 26.
Nd6 Qf8 27. Qh4 Nf5 28. Qf6+ Rg7) 25... Bxd6 26. Rxf7 Rg7 27. Rxg7 Kxg7 28.
exd6 Nxd6 $11) 23. Rxd7 (23. Rd2 $5) 23... Nf5 24. Qh3 {[%cal Gb5d3,Gd7e7] /
\Bd3!,R:e7} Kg7 $3 (24... Rfd8 $2 25. Rxe7 $1 Nxe7 26. Ng5 $1 h5 27. Nxf7+ $18)
(24... Qxb2 $2 25. Rxe7 Nxe7 26. Nf6 h5 27. Nxh5 Rg8 28. Be8 $3 Raxe8 $140 29.
Nf6+ Kg7 30. Qh7+ Kf8 31. Nd7#) (24... a6 $2 25. Bd3 $1 Qxa4 26. Rxe7 $1 Nxe7
27. Nf6 h5 28. Nxh5 $1 Rg8 29. Nf6+ Kg7 30. Qh7+ Kf8 31. Qh6+ Rg7 32. Nh5 $1
$18) (24... Rad8 $2 25. Rxa7 Qxb2 $140 $2 26. Rxe7 $1 Nxe7 27. Nf6 h5 28. Nxh5
Rg8 29. Be8 $3 $18) 25. Ng3 Nxg3+ 26. hxg3 $14) (20. c6 $5 Qxc6 21. Bb5 Qb7 22.
Rad1 Rfd8 $1 (22... Rad8 23. Rxd7 Rxd7 24. Ng5 $1 $18) 23. Bf2 Nc5 $1 $13)
20... Rg8 $8 21. c6 $1 Qxc6 22. Bb5 Qd5 23. Bxd7 $1 {[%csl Rf6][%cal Ge4f6,
Gg3h3] ><f6} (23. Rh3 Nf8) 23... Bf8 $1 {[]} (23... Nxe3 $2 24. Rh3 Rg7 25. Nf6
$18) (23... Nxa1 $2 24. Rh3 Rg7 25. Nf6 Bxf6 26. exf6 Qd1+ 27. Bg1 $18) 24. Qh4
$1 (24. Qxh7+ $2 Kxh7 25. Nf6+ Kg7 26. Nxd5 (26. Rh3 Rh8) 26... exd5 $1 27. f5
Nxe3 $19) (24. Qh3 Be7 (24... Rg7 25. Nf6 Qd3 $8 (25... Qb3 26. Rg4 $1 $18) 26.
f5 $3 {/\Bh6} Qxe3 (26... Qxf5 $2 27. Bh6 $1) 27. fxg6 $1 Nxa1 28. Nxh7 Qe1+
29. Rg1 Qxg1+ 30. Kxg1 Rxg6+ 31. Ng5+ Bh6 32. f4 $16 {><a1,h8}) 25. Nf6 Bxf6
26. exf6 Nxa1 27. Bc6 $1 Qf5 $8 (27... Qd1+ 28. Bg1 $18) 28. Qh6 Rad8 $1 (28...
Qxf6 $2 29. Rh3 Rg7 (29... Qg7 30. Bd4 $1) 30. Bxa8) 29. Rh3 Rd1+ 30. Kg2 (30.
Bg1 $2 Qh5 $3 31. Rxh5 gxh5 32. h4 Rdxg1+ 33. Kh2 R8g2+ 34. Kh3 Rg6 $1 35. Qf8+
Rg8 $19) 30... g5 $1 31. Be4 $1 (31. fxg5 {[%cal Gc6e4] /\Be4} Nc2 (31... Qc2+
$2 32. Kg3) 32. Qxh7+ Qxh7 33. Rxh7+ Kxh7 34. Be4+ Kh8 35. Bxc2 Re1 36. Kf2
Rxe3 $1 37. Kxe3 Rxg5 $17) 31... gxf4+ 32. Rg3 $1 fxg3 33. hxg3 $1 $13) 24...
Nxa1 25. Nf6 Qd1+ 26. Bg1 $1 (26. Kg2 $2 Rg7 27. Rh3 (27. Qh6 Qe2+ 28. Bf2 Nc2
29. Rh3 Ne3+ $19) 27... h5 28. Qg5 Rh7 $1) 26... h6 $8 27. Bxe6 $1 (27. Be8
Rxe8 28. Nxe8 Qxa4 29. Nf6 $14) (27. Nxg8 Kxg8 28. Bxe6 fxe6 29. Qf6 $1 {
-27.B:e6}) 27... fxe6 28. Nxg8 Kxg8 29. Qf6 $1 Qd7 (29... Bg7 30. Qxg6 Qd7 {
-29...Qd7}) 30. Qxg6+ Bg7 31. f5 $3 $18 {[%csl Rg7,Rg8][%cal Gf5f6] /\f6} exf5
32. e6 Qe7 33. Bd4 {[%csl Rg7]}) (18... Nxc5 $2 {loses the similar way as 18...
Nc2?} 19. Bxc5 bxc5 (19... g6 20. Bxe7 $1 gxh5 $140 21. Bf6#) 20. Rxg7 $3 {
[%mdl 512]} (20. Nd6 g6 (20... Bxd6 21. Rxg7 $1 Kxg7 22. Qg5+ Kh8 23. Qf6+ Kg8
24. Rg1#) 21. Nxb7 gxh5 22. Rad1 $16) 20... Kxg7 21. Nd6 $3 {This is the point
of 20.R:g7.After check on g1 following by Qh6 Black will have to defend the
g7-square and then N:f7 mate will follow.By the way knight on d6 is
untouchable in view of immediate mate.} Qc6 22. Rg1+ Kh8 23. Be2 $3 $18 {
[%csl Rg7,Rh8][%cal Gh5h6] This beautiful quiet move decides the game.White is
a rook down,but Black can't defend against Qh6.} (23. Qg4 Bg5 $1 {[]} 24. fxg5
$36 Qxa4 $140 25. Bd3 $1 $40) 23... Bxd6 $140 24. Qh6 Rg8 25. Qf6+) 19. Rxg7 $3
$18 {[%mdl 512] White is cleaning up the d3-h7 diagonal to prevent possible
pawn defending moves like g6 or f5.} Kxg7 20. Nf6 $1 {The same idea.The
f7-pawn is blocked and Black is defenceless against Bd3 with mate.} Nxf6 (20...
Bxf6 {doesn't change a lot:} 21. Rg1+ Kh8 22. Bd3 Qxf3+ $8 23. Qxf3 Nxe3 24.
Bxh7 $1 {[%cal Gf3h5] /\Qh5 Golod,V}) 21. exf6+ Bxf6 22. Rg1+ Kh8 23. Bd3 {
That's it.Black can prevent mate only by giving up his queen,but he prefers to
resign.} (23. Bd3 Qxf3+ 24. Qxf3 Nxe3 25. Bxh7 $1 {with quick mate.Here and on
the previous move this idea was demonstrated by Golod V.}) 1-0